Statistics for Top 100 Actors

Click here to take the quiz!

General Stats

  • This quiz has been taken 2,002 times
  • The average score is 41 of 100

Answer Stats

PositionActor% Correct
77Brad Pitt
80%
26Leonardo DiCaprio
79%
7Tom Hanks
78%
3Robert De Niro
75%
4Al Pacino
74%
67Harrison Ford
70%
18Morgan Freeman
70%
74Tom Cruise
70%
1Jack Nicholson
68%
2Marlon Brando
68%
79Samuel L. Jackson
66%
75Will Smith
65%
10Denzel Washington
64%
76Matt Damon
64%
20Johnny Depp
63%
73George Clooney
60%
23Clint Eastwood
58%
8Anthony Hopkins
56%
62Christian Bale
56%
29Robin Williams
56%
52Sean Connery
56%
6Dustin Hoffman
55%
25Philip Seymour Hoffman
55%
15James Stewart
52%
47John Wayne
52%
44Cary Grant
51%
5Daniel Day-Lewis
51%
39Charlie Chaplin
50%
33Humphrey Bogart
49%
43Kirk Douglas
49%
68Michael Douglas
49%
81Ed Harris
48%
36Gary Cooper
48%
9Paul Newman
48%
28Russell Crowe
48%
27Tommy Lee Jones
48%
34Clark Gable
47%
86James Dean
46%
59Jamie Foxx
46%
14Michael Caine
46%
19Sean Penn
46%
55Heath Ledger
44%
80Liam Neeson
44%
92Robert Redford
44%
84Gary Oldman
42%
95Mel Gibson
42%
100Buster Keaton
41%
17Gene Hackman
41%
41Henry Fonda
41%
30Kevin Spacey
41%
12Laurence Olivier
41%
21Jeff Bridges
40%
61Joaquin Phoenix
39%
60Colin Firth
38%
16Robert Duvall
38%
48Sidney Poitier
38%
22Gregory Peck
37%
91Charlton Heston
36%
83Edward Norton
36%
66Ian McKellen
36%
54Joe Pesci
36%
24Ben Kingsley
34%
94Bill Murray
34%
13Jack Lemmon
34%
96Martin Sheen
34%
49Peter O'Toole
34%
87Steve McQueen
33%
53Christopher Walken
32%
98Gene Kelly
32%
58Ralph Fiennes
32%
11Spencer Tracy
32%
45Richard Burton
31%
42Burt Lancaster
30%
56Javier Bardem
28%
89Orson Welles
28%
71Tim Robbins
28%
72Forest Whitaker
27%
40James Cagney
27%
70Jeremy Irons
27%
57Christoph Waltz
26%
32Geoffrey Rush
26%
64Jon Voight
26%
31Alec Guinness
25%
93Woody Allen
25%
35George C. Scott
24%
78John Hurt
24%
88Peter Sellers
24%
46William Holden
23%
50Christopher Plummer
22%
97Don Cheadle
20%
99Robert Mitchum
20%
51Alan Arkin
19%
63John Malkovich
18%
65F. Murray Abraham
17%
69Kevin Kline
17%
38Peter Finch
16%
82Cuba Gooding Jr.
13%
37Jason Robards
12%
90John Huston
8%
85William Powell
8%

Score Distribution

Percentile by Number Answered

Percent of People with Each Score

Your Score History

You have not taken this quiz